000 00300nam a22001337a 4500
008 180122b xxu||||| |||| 00| 0 eng d
020 _a9781418001742
041 _aeng
080 _a37
100 _a47
101 _aEDU
245 _aAdministration in early education
_cJenkin,E
942 _2udc
_cBK
999 _c40676
_d40676